[Event "Penang op-A 15th"]
[Site "Penang"]
[Date "2023.12.22"]
[Round "9"]
[White "Tee, Yi Siang Isaac Jens"]
[Black "Ng, Shao Wen Joshua"]
[Result "1/2-1/2"]
[WhiteElo "1328"]
[BlackElo "1356"]
[PlyCount "74"]
[EventDate "2023.12.18"]
[EventType "swiss"]
[EventRounds "9"]
[EventCountry "MAS"]
[SourceTitle "CBM 217 Extra"]
[Source "ChessBase"]
[SourceDate "2024.01.31"]
[SourceVersion "1"]
[SourceVersionDate "2024.01.31"]
[SourceQuality "1"]

1. c4 Nf6 2. g3 g6 3. Bg2 Bg7 4. Nf3 0-0 5. 0-0 d6 6. Nc3 c6 7. Rb1 Bf5 8. d3 e5 9. b4 Qc7 10. b5 d5 11. bxc6 bxc6 12. Nd2 Rd8 13. Qb3 Be6 14. Ba3 Qd7 15. Qb7 Qxb7 16. Rxb7 Nbd7 17. cxd5 cxd5 18. Rb2 e4 19. d4 Nb6 20. e3 Ne8 21. Bc5 Rdc8 22. Rc1 Nd7 23. Ba3 Bf8 24. Bxf8 Kxf8 25. Rbc2 Nd6 26. Bf1 Nb6 27. Nb5 Ndc4 28. Nxc4 Nxc4 29. Bxc4 Rxc4 30. Rxc4 dxc4 31. Nd6 f5 32. Nb5 Ke7 33. Kf1 Kd7 34. Ke1 Rb8 35. Na3 Rb2 36. Rc2 c3 37. Rxc3 Bxa2 1/2-1/2

[Event "Penang op-A 15th"]
[Site "Penang"]
[Date "2023.12.21"]
[Round "6"]
[White "Mohd Azamanizam, Azraa Adeline Azman"]
[Black "Ng, Shao Wen Joshua"]
[Result "1/2-1/2"]
[WhiteElo "1432"]
[BlackElo "1356"]
[PlyCount "73"]
[EventDate "2023.12.18"]
[EventType "swiss"]
[EventRounds "9"]
[EventCountry "MAS"]
[SourceTitle "CBM 217 Extra"]
[Source "ChessBase"]
[SourceDate "2024.01.31"]
[SourceVersion "1"]
[SourceVersionDate "2024.01.31"]
[SourceQuality "1"]

1. d4 Nf6 2. Bf4 g6 3. Nc3 d5 4. e3 Bg7 5. Nf3 a6 6. Be2 0-0 7. Qd2 Bf5 8. Ne5 Nbd7 9. f3 c6 10. g4 Be6 11. 0-0-0 Ne8 12. Nxd7 Bxd7 13. e4 dxe4 14. fxe4 Qa5 15. Bh6 b5 16. a3 Nd6 17. e5 b4 18. Bxg7 bxc3 19. Qxc3 Qxc3 20. bxc3 Kxg7 21. exd6 exd6 22. h3 Rfe8 23. Bd3 a5 24. Rde1 Rxe1+ 25. Rxe1 Re8 26. Rxe8 Bxe8 27. Kb2 a4 28. c4 c5 29. dxc5 dxc5 30. Kc3 Bd7 31. Bf1 Kf6 32. Kd3 g5 33. Bg2 Ke5 34. Ke3 f5 35. Bf3 Be6 36. Be2 h6 37. c3 1/2-1/2

[Event "Penang op-A 15th"]
[Site "Penang"]
[Date "2023.12.19"]
[Round "3"]
[White "Ng, Shao Wen Joshua"]
[Black "Zulkippli, Iskandar Haikal"]
[Result "1-0"]
[WhiteElo "1356"]
[BlackElo "1553"]
[PlyCount "178"]
[EventDate "2023.12.18"]
[EventType "swiss"]
[EventRounds "9"]
[EventCountry "MAS"]
[SourceTitle "CBM 217 Extra"]
[Source "ChessBase"]
[SourceDate "2024.01.31"]
[SourceVersion "1"]
[SourceVersionDate "2024.01.31"]
[SourceQuality "1"]

1. d4 Nf6 2. c4 g6 3. g3 Bg7 4. Bg2 0-0 5. Nf3 d6 6. Nc3 Nbd7 7. 0-0 e5 8. e4 c6 9. h3 exd4 10. Nxd4 Qb6 11. Nb3 Ne5 12. Qxd6 Nxc4 13. Qd1 a5 14. Qc2 Rd8 15. Nd2 Be6 16. Nxc4 Bxc4 17. Be3 Qa6 18. Rfd1 a4 19. Rxd8+ Rxd8 20. Rd1 Re8 21. Nxa4 b5 22. b3 Bf8 23. Nc5 Qa3 24. Nd7 Nxd7 25. Rxd7 Be6 26. Rc7 Ra8 27. Qxc6 b4 28. e5 Rd8 29. Qc2 Bf5 30. Qc4 Be6 31. Qe2 Qa5 32. Rc2 Qxe5 33. Bb6 Qxe2 34. Rxe2 Rd1+ 35. Kh2 h5 36. Be4 Kg7 37. Bc2 Rd7 38. Be3 Bd6 39. Bd4+ Kh7 40. Bf6 Ra7 41. Be4 Rc7 42. Rc2 Rxc2 43. Bxc2 Bd5 44. Kg1 Bf3 45. Kf1 Kg8 46. h4 Kf8 47. Ke1 Ke8 48. Bd4 Ke7 49. Kd2 Ke6 50. Ke3 Bg2 51. Bd3 f5 52. f4 Bc6 53. Bb6 Bd5 54. Kd4 Be7 55. Bc5 Bf6+ 56. Ke3 Bc3 57. Kf2 Be4 58. Bc4+ Bd5 59. Ke2 Bxc4+ 60. bxc4 Kd7 61. Be3 Bf6 62. Kd3 Kc6 63. Kc2 Bc3 64. Bd2 Bd4 65. Be1 Kb6 66. Kb3 Bc5 67. Bxb4 Bf2 68. Be7 Bxg3 69. Bg5 Kc5 70. Kc3 Be1+ 71. Kd3 Bg3 72. a3 Bh2 73. Be7+ Kc6 74. Ke3 Bg1+ 75. Kf3 Kb6 76. Bb4 Bd4 77. a4 Bf6 78. a5+ Kc6 79. Be1 Bd8 80. Ke2 Bc7 81. Kf3 Bd8 82. Ke2 Bc7 83. Ke3 Kc5 84. a6 Kxc4 85. Bf2 Kb5 86. a7 Bb6+ 87. Kf3 Bxa7 88. Bxa7 Kc4 89. Ke3 Kc3 1-0

[Event "Penang op-A 15th"]
[Site "Penang"]
[Date "2023.12.18"]
[Round "1"]
[White "Ng, Shao Wen Joshua"]
[Black "Masli, Muhd Nur Daie"]
[Result "0-1"]
[WhiteElo "1356"]
[BlackElo "1842"]
[PlyCount "120"]
[EventDate "2023.12.18"]
[EventType "swiss"]
[EventRounds "9"]
[EventCountry "MAS"]
[SourceTitle "CBM 217 Extra"]
[Source "ChessBase"]
[SourceDate "2024.01.31"]
[SourceVersion "1"]
[SourceVersionDate "2024.01.31"]
[SourceQuality "1"]

1. d4 Nf6 2. c4 e6 3. g3 Bb4+ 4. Bd2 Qe7 5. Bg2 Nc6 6. Nf3 Bxd2+ 7. Nbxd2 d6 8. 0-0 0-0 9. e4 e5 10. d5 Nb8 11. Nh4 a5 12. Nf5 Bxf5 13. exf5 Na6 14. f4 exf4 15. Rxf4 Qe3+ 16. Kh1 Rfe8 17. Rc1 Nc5 18. Nf1 Qe2 19. Qxe2 Rxe2 20. Rb1 Rae8 21. Rd4 Rf2 22. Rf4 Rxf4 23. gxf4 Nh5 24. b3 Nxf4 25. Bf3 Ncd3 26. h4 b6 27. a3 Re5 28. Ng3 Re3 29. Rf1 Ne5 30. Bd1 Nxd5 31. Ne2 Rh3+ 32. Kg2 Ne3+ 33. Kxh3 Nxf1 34. Nc3 Ne3 35. Be2 Nxf5 36. Nd5 Nd4 37. Bd1 Ne6 38. Kg3 a4 39. Kf2 axb3 40. Bxb3 Kf8 41. Ne3 g6 42. Nd5 Kg7 43. Ke3 f5 44. Nc3 f4+ 45. Kf2 Nc5 46. Ba2 c6 47. Ne2 Ncd3+ 48. Kf1 h6 49. Nc3 Nc5 50. Ne2 g5 51. Nd4 Kf6 52. hxg5+ hxg5 53. Ne2 Ne4 54. a4 f3 55. Nd4 g4 56. Kg1 g3 57. Nxf3 Nxf3+ 58. Kg2 Nh4+ 59. Kg1 Nd2 60. c5 Ndf3+ 0-1